Voos com origem em Belém (BEL) - Statistics

Estatísticas Gerais
  • Esse quiz foi jogado 20 vezes
  • A pontuação média é 16 de 28
Estatísticas das Respostas
Cia aérea Destino % Correto
Azul, Gol, LATAM Brasília
100%
Azul, LATAM Fortaleza
100%
Azul, LATAM Manaus
93%
Gol Rio de Janeiro-Galeão
93%
Azul, Gol, LATAM São Paulo-Guarulhos
93%
Azul Recife
87%
Azul, Gol Santarém
87%
Azul São Luís
87%
Azul Belo Horizonte-Confins
80%
Azul Marabá
80%
TAP Lisboa
73%
Azul, Gol, LATAM Macapá
73%
Azul Altamira
67%
Fly All Ways, Gol, Surinam Airways Paramaribo
67%
Azul Campinas
60%
Azul Natal
53%
Azul Boa Vista
47%
Azul Fort Lauderdale
47%
Air France Caiena
40%
Azul Conecta Paragominas
33%
Azul Conecta Tucuruí
33%
Azul Conecta Breves
20%
Azul, Azul Conecta Carajás
20%
Azul Conecta Salinópolis
13%
Azul Conecta Almeirim
7%
Azul Conecta Monte Dourado
7%
Azul Conecta Ourilândia do Norte
7%
Azul Conecta Porto de Moz
7%
Nenhum quiz correspondente encontrado
Distribuição das Pontuações
Porcentagem de Pessoas com Cada Pontuação
Percentil de Números Respondidos
Sua Pontuação Histórica
Você não jogou esse quiz